Countries without shared border - Statistics

General Stats
  • This quiz has been taken 24 times
  • The average score is 28 of 38
Answer Stats
Answer % Correct
Australia
86%
Japan
86%
Cuba
82%
Iceland
82%
Madagascar
82%
Maldives
82%
Malta
82%
New Zealand
82%
Philippines
82%
Saint Kitts and Nevis
82%
Sri Lanka
82%
Tuvalu
82%
Bahamas
77%
Barbados
77%
Jamaica
77%
Saint Lucia
77%
Saint Vincent and the Grenadines
77%
Samoa
77%
Solomon Islands
77%
Antigua and Barbuda
73%
Cape Verde
73%
Comoros
73%
Federated States of Micronesia
73%
Fiji
73%
Marshall Islands
73%
São Tomé and Príncipe
73%
Taiwan
73%
Vanuatu
73%
Kiribati
68%
Mauritius
68%
Nauru
68%
Tonga
68%
Trinidad and Tobago
68%
Dominica
64%
Grenada
64%
Palau
64%
Seychelles
64%
Singapore
59%
No matching quizzes found
Score Distribution
Percent of People with Each Score
Percentile by Number Answered
Your Score History
You have not taken this quiz